Squatters' rites : a novel / (Record no. 71437)

MARC details
000 -LEADER
fixed length control field nam a22 7a 4500
003 - CONTROL NUMBER IDENTIFIER
control field PILC
005 - DATE AND TIME OF LATEST TRANSACTION
control field 20180222090553.0
008 - FIXED-LENGTH DATA ELEMENTS--GENERAL INFORMATION
fixed length control field 180221b1990 xxu||||| |||| 00| 0 eng d
010 ## - LIBRARY OF CONGRESS CONTROL NUMBER
LC control number Acc#27687
020 ## - INTERNATIONAL STANDARD BOOK NUMBER
International Standard Book Number 9711004143
040 ## - CATALOGING SOURCE
Transcribing agency Philippine Baptist Theological Seminary
050 ## - LIBRARY OF CONGRESS CALL NUMBER
Classification number Fil PN 6231 .P65
Item number B37 1990
100 ## - MAIN ENTRY--PERSONAL NAME
Personal name Bascom, Tim
Relator term author
245 10 - TITLE STATEMENT
Title Squatters' rites : a novel /
Statement of responsibility, etc. by Tim Boscom
264 ## - PRODUCTION, PUBLICATION, DISTRIBUTION, MANUFACTURE, AND COPYRIGHT NOTICE
Place of production, publication, distribution, manufacture Quezon City, Philippines :
Name of producer, publisher, distributor, manufacturer New Day Publishers,
Date of production, publication, distribution, manufacture, or copyright notice 1990
300 ## - PHYSICAL DESCRIPTION
Extent 100 pages ;
Dimensions 22 cm
650 ## - SUBJECT ADDED ENTRY--TOPICAL TERM
Topical term or geographic name as entry element Squatters
Geographic subdivision Philippines
650 ## - SUBJECT ADDED ENTRY--TOPICAL TERM
Topical term or geographic name as entry element Squatters settlements
650 ## - SUBJECT ADDED ENTRY--TOPICAL TERM
Topical term or geographic name as entry element Philippine fiction (English)
942 ## - ADDED ENTRY ELEMENTS (KOHA)
Source of classification or shelving scheme Dewey Decimal Classification
Koha item type Circulation Books
Holdings
Withdrawn status Lost status Source of classification or shelving scheme Damaged status Not for loan Home library Current library Shelving location Date acquired Source of acquisition Total Checkouts Full call number Barcode Date last seen Price effective from Koha item type
    Dewey Decimal Classification     PBTS Library PBTS Library Filipiniana Section 02/21/2018 Gift   Fil PN 6231 .P65 B37 1990 27687 02/04/2026 02/21/2018 Circulation Books

Philippine Baptist Theological Seminary | 19 Tacay Road, Central Guisad, Baguio City 2600, Philippines